000
00363nam a2200169Ia 4500
003
0STCL
008
150530s9999 xx 000 0 und d
040
_a
STCL
_c
STCL
100
_a
Peter Green
245
_a
Thomas Browne
250
_a
First
260
_b
Longmans
_c
1959
546
_a
English
942
_2
ddc
_c
BK
999
_c
52222
_d
52222
005
20220125170855.0